| Tag |
First Indicator |
Second Indicator |
Subfields |
| LEADER |
00000pam a2200000 a 4500 |
| 001 |
in00000544513 |
| 005 |
20151013161649.0 |
| 008 |
831115s1984 nyua b 00110 eng |
| 010 |
|
|
|a 83024688
|
| 020 |
|
|
|a 0030636892 (alk. paper) :
|c $30.95 (est.)
|
| 035 |
|
|
|a (OCoLC)10185549
|
| 035 |
|
|
|9 ACG6337AM
|
| 039 |
0 |
|
|a 2
|b 3
|c 3
|d 3
|e 3
|
| 040 |
|
|
|a DLC
|c DLC
|d TXA
|d UtOrBLW
|
| 043 |
|
|
|a n-us---
|
| 049 |
|
|
|a TXAM
|c [1677395]
|
| 050 |
0 |
0 |
|a JK2447
|b .J48 1984
|
| 082 |
0 |
|
|a 324.5/0973
|2 19
|
| 100 |
1 |
|
|a Jewell, Malcolm E.,
|d 1928-2010.
|
| 245 |
1 |
0 |
|a Parties and primaries :
|b nominating state governors /
|c Malcolm E. Jewell.
|
| 264 |
|
1 |
|a New York :
|b Praeger,
|c 1984.
|
| 300 |
|
|
|a x, 308 pages :
|b illustrations ;
|c 25 cm.
|
| 336 |
|
|
|a text
|b txt
|2 rdacontent
|
| 337 |
|
|
|a unmediated
|b n
|2 rdamedia
|
| 338 |
|
|
|a volume
|b nc
|2 rdacarrier
|
| 490 |
1 |
|
|a American political parties and elections
|
| 500 |
|
|
|a "Copublished with the Eagleton Institute of Politics, Rutgers University."
|
| 500 |
|
|
|a Includes index.
|
| 504 |
|
|
|a Bibliography: pages 297-302.
|
| 650 |
|
0 |
|a Governors
|z United States
|x Nomination.
|
| 650 |
|
0 |
|a Primaries
|z United States.
|
| 830 |
|
0 |
|a American political parties and elections.
|
| 999 |
|
|
|a MARS
|
| 999 |
f |
f |
|s d80f80cb-551b-3080-b250-f0ca3cb83d46
|i 7c50dfbd-a2e3-3315-8eb0-90d46ba9b738
|t 0
|
| 952 |
f |
f |
|p ric
|a Texas A&M University
|b Rellis Campus
|c Joint Library Facility
|d Remote Storage
|t 0
|e JK2447 .J48 1984
|h Library of Congress classification
|i unmediated -- volume
|m A14808156226
|
| 998 |
f |
f |
|a JK2447 .J48 1984
|t 0
|l Remote Storage
|